000 00430nam a2200169Ia 4500
003 LDD
008 181029s9999 xx 000 0 und d
020 _a8170760224
040 _cLDD
100 _aKarna, M.N
245 0 _aPeasant and peasant protests in India
_cM.N Karna
260 _aNew Delhi
_bIntellectual
_c1989
300 _axv, 218p
440 _aNEHU sociology series 1
901 _a397
_b26-03-1996
942 _2ddc
_cBK
999 _c36881
_d36881